000 00273nam a2200121 i 4500
001 bg
245 0 _aWho's who in science in Europe.
_nVol.
_pQ-Z.
260 _aLondon,
_c1984.
040 _cBPK
041 _apol
942 _cKS
008 s pl f |000 0 pol
999 _c28267
_d28267